| 000 | 00921nam a2200253Ia 4500 | ||
|---|---|---|---|
| 001 | 21741 | ||
| 005 | 20260407115236.0 | ||
| 008 | 260320s9999||||xx |||||||||||||| ||und|| | ||
| 020 | _a9783111246239 | ||
| 041 | _aING | ||
| 082 |
_a530.138 _bA144 |
||
| 100 |
_aAkker, Harry van den, _eAUT |
||
| 245 | 0 |
_aMass, momentum and energy transport phenomena : _ba consistent balances approach |
|
| 250 | _aSecond edition | ||
| 260 |
_aBerlin/Boston : _bWalter de Gruyter GmbH, _c2013 |
||
| 300 |
_axii, 298 páginas : _btablas, gráficos ; _c25 cm. |
||
| 440 | _a(De Gruyter Textbook Series) | ||
| 650 | _aCMM | ||
| 653 | _aMecánica estadística; Transporte de masa; Transferencia de calor; Mecánica de fluidos | ||
| 654 | _aCII | ||
| 700 |
_aMudde, Robert F., _cAUT |
||
| 856 |
_uhttps://ebooks7-24-com.ucsp.lookproxy.com/stage.aspx?il=&pg=&ed= _zVéase además: Base de datos Ebook7-24 |
||
| 942 |
_cLIB _dJUS _fMAT _2ddc |
||
| 999 |
_c21741 _d21741 |
||